000 00678nam a22002057a 4500
999 _c13738
_d13738
003 AR-CdUCM
008 190416b ||||| |||| 00| 0 spa d
040 _aMUNICIPALIDAD PROVINCIAL DEL CUSCO
_cBIBLIOTECA MUNICIPAL DEL CUSCO
082 _a573.7 /
_bS39 / 1938
100 _aSchwab, Federico
_930007
245 _aBibliográfia de Antropología peruana /
260 _aLima :
_bBiblioteca central de la Universidad Mayor de San Marcos,
_c1938.
300 _a40 paginas ;
_c23 cm.
505 _aContenido :Antropología peruana /
650 _aGeografía
_9318
650 _aBibliografía
_91484
650 _aPerú
_935
942 _2ddc
_cLIBROS
945 _arjall
_d2019-04-16